00424 2200169 4500001002100000008004100021035002000062245003100082100001800113260003100131300002100162020002200183084001400205082000800219650001000227990001700237INLIS000000000000010 ind  a0010-0724000010 aAksara HujancAriqy Raihan aRaihan, Ariqy aJakarta :bMediaKitac2018 a202 hlm.c19 cm. a978-979-794-558-9 a813 ARI a a813 aFiksi aP29/CP/24/10